[Event "LiSB-ch B"]
[Site "Sittard"]
[Date "2003.11.30"]
[Round "4"]
[White "Van Steenbergen, Bert"]
[Black "Lafleur, John"]
[Result "1/2-1/2"]
[WhiteElo "1868"]
[BlackElo "1826"]
[PlyCount "92"]
[EventDate "2003.11.29"]
[EventType "swiss"]
[EventRounds "7"]
[EventCountry "NED"]
[Source "P.Boonen"]
[SourceDate "2012.01.01"]

1. d4 d5 2. Nf3 Nf6 3. Nbd2 e6 4. g3 Nbd7 5. a3 c5 6. c4 b6 7. cxd5 exd5 8.
dxc5 Bxc5 9. b4 Bd6 10. Nc4 Qe7 11. Nxd6+ Qxd6 12. Bf4 Qe7 13. Bg2 O-O 14. Rc1
a5 15. Rc6 Re8 16. Bd6 Qd8 17. bxa5 Ba6 18. e3 bxa5 19. Nd4 Ne5 20. Bxe5 Rxe5
21. Qc1 Ne4 22. f3 Nd6 23. f4 Re8 24. Bxd5 Bb7 25. Rc5 Rc8 26. Bxb7 Rxc5 27.
Qxc5 Rxe3+ 28. Ne2 Rxe2+ 29. Kxe2 Nxb7 30. Qe3 h5 31. Rd1 Qc8 32. Rd5 Qc2+ 33.
Rd2 Qc4+ 34. Kf2 Nc5 35. Rd4 Qc2+ 36. Qe2 Qg6 37. Rd8+ Kh7 38. Rd5 Ne4+ 39. Kg2
f5 40. Rxa5 h4 41. Ra6 Nf6 42. a4 hxg3 43. hxg3 Qf7 44. Kg1 Qb3 45. a5 Qxg3+
46. Qg2 Qe1+ 1/2-1/2

[Event "LiSB-ch B"]
[Site "Sittard"]
[Date "2003.12.06"]
[Round "5"]
[White "Metsemakers, Peter"]
[Black "Nelissen, Andy"]
[Result "1-0"]
[WhiteElo "1891"]
[BlackElo "1869"]
[PlyCount "113"]
[EventDate "2003.11.29"]
[EventType "swiss"]
[EventRounds "7"]
[EventCountry "NED"]
[Source "P.Boonen"]
[SourceDate "2012.01.01"]

1. e4 Nf6 2. e5 Nd5 3. d4 d6 4. Nf3 Bg4 5. Be2 c6 6. exd6 exd6 7. O-O Be7 8. c4
Nb6 9. b3 O-O 10. Nc3 a5 11. Re1 a4 12. bxa4 Bxf3 13. Bxf3 Bf6 14. Be4 Re8 15.
Be3 g6 16. Qb3 N8d7 17. Bf3 Ra6 18. Rad1 Bg7 19. c5 Nc8 20. Qxb7 Ra7 21. Qb3 d5
22. Qc2 h6 23. Qd3 Rf8 24. Rb1 Qf6 25. Rb3 Ne7 26. Bg4 Nf5 27. Bxf5 gxf5 28. f4
Kh8 29. Reb1 Ra5 30. Qd2 Raa8 31. g3 Qe6 32. Kf2 Nf6 33. h3 Rxa4 34. Rb4 Ra7
35. a4 Re8 36. Qd3 Ne4+ 37. Nxe4 fxe4 38. Qf1 Kh7 39. g4 Rea8 40. Qd1 Bf6 41.
f5 Bh4+ 42. Kg2 Qf6 43. Bf4 Rg8 44. Kh2 Bf2 45. Rb7 Rga8 46. Be5 Qg5 47. Rb8
Bxd4 48. Qxd4 Rxa4 49. Rxa8 Rxa8 50. Qf2 e3 51. Qf4 Qxf4+ 52. Bxf4 d4 53. Kg3
Re8 54. Re1 e2 55. Kf3 d3 56. Bd2 Re5 57. Bb4 1-0

[Event "LiSB-ch B"]
[Site "Sittard"]
[Date "2003.12.06"]
[Round "5"]
[White "Miesen, Fabian"]
[Black "Van Steenbergen, Bert"]
[Result "1-0"]
[WhiteElo "1748"]
[BlackElo "1868"]
[PlyCount "103"]
[EventDate "2003.11.29"]
[EventType "swiss"]
[EventRounds "7"]
[EventCountry "NED"]
[Source "P.Boonen"]
[SourceDate "2012.01.01"]

1. Nc3 f5 2. e4 fxe4 3. d3 Nf6 4. dxe4 Nc6 5. f4 d6 6. Nf3 Bg4 7. Be3 e5 8. f5
Be7 9. h3 Bxf3 10. Qxf3 Kd7 11. O-O-O a6 12. Bc4 Qe8 13. Be6+ Kd8 14. g4 h6 15.
Rhg1 Nh7 16. Kb1 Bg5 17. Bf2 Nf8 18. Bd5 Qe7 19. Bxc6 bxc6 20. Ne2 Bh4 21. Be3
Bg5 22. Bxg5 hxg5 23. Rd3 Nd7 24. Qe3 Ke8 25. Rgd1 Kf7 26. Nc1 a5 27. Rc3 Ra6
28. Ra3 Rb8 29. Rb3 Rba8 30. Qe2 Nb6 31. Re3 a4 32. Rg1 Ra5 33. Rc3 c5 34. h4
c4 35. h5 Rb8 36. Rh1 Rb5 37. h6 Nd5 38. Rb3 axb3 39. cxb3 cxb3 40. Nxb3 Nf6
41. h7 Nxh7 42. Rxh7 Qf6 43. Qc4+ Ke7 44. Qxc7+ Ke8 45. Rh8+ Qf8 46. Rxf8+ Kxf8
47. Qxd6+ Kg8 48. Qg6 R5b6 49. Qxg5 Rc8 50. Qd2 Rh6 51. a3 Kh7 52. g5 1-0

[Event "LiSB-ch B"]
[Site "Sittard"]
[Date "2003.12.06"]
[Round "5"]
[White "Schotanus, Fred"]
[Black "Snoeck, Rene"]
[Result "0-1"]
[WhiteElo "1763"]
[BlackElo "1795"]
[PlyCount "64"]
[EventDate "2003.11.29"]
[EventType "swiss"]
[EventRounds "7"]
[EventCountry "NED"]
[Source "P.Boonen"]
[SourceDate "2012.01.01"]

1. e4 c6 2. d4 d5 3. Nd2 dxe4 4. Nxe4 Nd7 5. Nf3 Ngf6 6. Ng3 e6 7. Bd3 Be7 8.
O-O b6 9. Re1 Bb7 10. a3 O-O 11. c4 c5 12. Be2 Qc7 13. Be3 Rfd8 14. Qb3 Rac8
15. Rac1 Bc6 16. Red1 Qb7 17. Bf4 cxd4 18. Rxd4 Bc5 19. Rd2 Ng4 20. Bf1 Bxf3
21. gxf3 Nde5 22. Rxd8+ Rxd8 23. Ne4 Bd4 24. Bg2 Nf6 25. Nxf6+ gxf6 26. Rd1 Qe7
27. Qc2 Qc5 28. Be3 Nxc4 29. b3 Nxe3 30. Qxc5 bxc5 31. Rxd4 cxd4 32. fxe3 dxe3
0-1

[Event "LiSB-ch B"]
[Site "Sittard"]
[Date "2003.12.06"]
[Round "5"]
[White "Van Haren, Marcel"]
[Black "Uckerman, John"]
[Result "1-0"]
[WhiteElo "1775"]
[BlackElo "1780"]
[PlyCount "45"]
[EventDate "2003.11.29"]
[EventType "swiss"]
[EventRounds "7"]
[EventCountry "NED"]
[Source "P.Boonen"]
[SourceDate "2012.01.01"]

1. e4 e5 2. Bc4 Nf6 3. d4 Nc6 4. dxe5 Nxe5 5. Be2 d6 6. f4 Nc6 7. Nc3 Be7 8.
Be3 O-O 9. Nf3 Ng4 10. Bg1 Re8 11. Qd2 a6 12. O-O-O Nf6 13. h3 Bf8 14. Bd3 Nb4
15. Bc4 Nxe4 16. Nxe4 Rxe4 17. Bxf7+ Kxf7 18. Ng5+ Kg8 19. Nxe4 Nc6 20. Qd5+
Kh8 21. Ng5 Qf6 22. Nf7+ Kg8 23. Nh6+ 1-0

[Event "LiSB-ch B"]
[Site "Sittard"]
[Date "2003.12.06"]
[Round "5"]
[White "Van Mulekom, Hans"]
[Black "Graff, Marcel"]
[Result "1/2-1/2"]
[WhiteElo "1779"]
[BlackElo "1826"]
[PlyCount "67"]
[EventDate "2003.11.29"]
[EventType "swiss"]
[EventRounds "7"]
[EventCountry "NED"]
[Source "P.Boonen"]
[SourceDate "2012.01.01"]

1. e4 g6 2. d4 Bg7 3. Nc3 d6 4. Bc4 c6 5. Be3 Nd7 6. Bb3 b5 7. a3 Qa5 8. Nge2
Ngf6 9. O-O Nb6 10. f4 Nc4 11. Bxc4 bxc4 12. Kh1 Rb8 13. Rb1 Ng4 14. Bg1 f5 15.
h3 Nf6 16. e5 Nh5 17. Qe1 Bf8 18. Qd2 e6 19. Bf2 Be7 20. Qe1 d5 21. Bh4 Qd8 22.
Bxe7 Qxe7 23. Na4 h6 24. g4 Ng7 25. Qg3 g5 26. Nc5 Kd8 27. b3 cxb3 28. Rxb3
Rxb3 29. Qxb3 h5 30. gxf5 Nxf5 31. Qa4 gxf4 32. Rxf4 Rg8 33. Qa5+ Qc7 34. Qxc7+
1/2-1/2

[Event "LiSB-ch B"]
[Site "Sittard"]
[Date "2003.12.06"]
[Round "6"]
[White "Graff, Marcel"]
[Black "Schotanus, Fred"]
[Result "1/2-1/2"]
[WhiteElo "1826"]
[BlackElo "1763"]
[PlyCount "62"]
[EventDate "2003.11.29"]
[EventType "swiss"]
[EventRounds "7"]
[EventCountry "NED"]
[Source "P.Boonen"]
[SourceDate "2012.01.01"]

1. g3 Nf6 2. Bg2 g6 3. d3 d5 4. c3 Bg7 5. Nd2 c6 6. Qb3 O-O 7. e4 e5 8. Ngf3
Qc7 9. O-O h6 10. Re1 Be6 11. Qc2 Nbd7 12. b4 dxe4 13. dxe4 Nb6 14. Bb2 Nc4 15.
Nxc4 Bxc4 16. Nd2 Be6 17. c4 Rfd8 18. Nb3 b6 19. a4 Nh5 20. Rac1 c5 21. b5 Rd7
22. Rcd1 Rad8 23. Bf3 Nf6 24. Rxd7 Rxd7 25. Rd1 Ne8 26. Rxd7 Qxd7 27. Qd2 Qxd2
28. Nxd2 Nd6 29. Be2 h5 30. Kg2 f6 31. f4 exf4 1/2-1/2

[Event "LiSB-ch B"]
[Site "Sittard"]
[Date "2003.12.06"]
[Round "6"]
[White "Miesen, Fabian"]
[Black "Metsemakers, Peter"]
[Result "1/2-1/2"]
[WhiteElo "1748"]
[BlackElo "1891"]
[PlyCount "34"]
[EventDate "2003.11.29"]
[EventType "swiss"]
[EventRounds "7"]
[EventCountry "NED"]
[Source "P.Boonen"]
[SourceDate "2012.01.01"]

1. Nc3 d5 2. e4 dxe4 3. Nxe4 e5 4. Bc4 Nc6 5. d3 Be7 6. Be3 Nf6 7. Nc3 O-O 8.
Nge2 a6 9. a3 Re8 10. Ng3 Nd4 11. O-O Nf5 12. Nge4 Nd6 13. Nxd6 Qxd6 14. Qe2
Be6 15. Bxe6 Qxe6 16. Ne4 Nxe4 17. dxe4 Rad8 1/2-1/2

[Event "LiSB-ch B"]
[Site "Sittard"]
[Date "2003.12.06"]
[Round "6"]
[White "Nelissen, Andy"]
[Black "Van Mulekom, Hans"]
[Result "0-1"]
[WhiteElo "1869"]
[BlackElo "1779"]
[PlyCount "54"]
[EventDate "2003.11.29"]
[EventType "swiss"]
[EventRounds "7"]
[EventCountry "NED"]
[Source "P.Boonen"]
[SourceDate "2012.01.01"]

1. a3 e5 2. e4 Nf6 3. Nc3 d5 4. exd5 Nxd5 5. Qh5 Nc6 6. Bb5 Qd6 7. Nf3 Nxc3 8.
dxc3 e4 9. Bg5 exf3 10. O-O Qg6 11. Rfe1+ Be6 12. Qxf3 Kd7 13. Rad1+ Bd6 14. h4
Qf5 15. Qe2 h6 16. Be3 Rhe8 17. c4 Ke7 18. c5 Bf4 19. Bxc6 bxc6 20. Bd4 Kf8 21.
g3 Bd5 22. Qf1 Bf3 23. Rb1 Bd2 24. Rxe8+ Rxe8 25. Kh2 Re4 26. Be3 Bxe3 27. fxe3
Rxe3 0-1

[Event "LiSB-ch B"]
[Site "Sittard"]
[Date "2003.12.06"]
[Round "6"]
[White "Van Haren, Marcel"]
[Black "Snoeck, Rene"]
[Result "1/2-1/2"]
[WhiteElo "1775"]
[BlackElo "1795"]
[PlyCount "66"]
[EventDate "2003.11.29"]
[EventType "swiss"]
[EventRounds "7"]
[EventCountry "NED"]
[Source "P.Boonen"]
[SourceDate "2012.01.01"]

1. d4 d5 2. Nf3 Nf6 3. g3 Bf5 4. Bg2 e6 5. c3 Nbd7 6. Nbd2 Bd6 7. h3 h6 8. Nh2
c6 9. O-O Qc7 10. Re1 O-O-O 11. e4 dxe4 12. Nxe4 Nxe4 13. Bxe4 Bxh3 14. Qh5 Bf5
15. Bxf5 exf5 16. Nf1 g6 17. Qf3 h5 18. c4 Qb8 19. c5 Bc7 20. b4 h4 21. d5 cxd5
22. Bb2 Ne5 23. Bxe5 Bxe5 24. Rac1 hxg3 25. fxg3 Rh3 26. Kg2 Rdh8 27. c6 Qd6
28. cxb7+ Kxb7 29. Red1 Kb8 30. Rxd5 Qxb4 31. Qe2 Rxg3+ 32. Nxg3 Rh2+ 33. Kxh2
Qh4+ 1/2-1/2

[Event "LiSB-ch B"]
[Site "Sittard"]
[Date "2003.12.07"]
[Round "7"]
[White "Metsemakers, Peter"]
[Black "Koelman, Bart"]
[Result "1-0"]
[WhiteElo "1891"]
[BlackElo "1723"]
[PlyCount "114"]
[EventDate "2003.11.29"]
[EventType "swiss"]
[EventRounds "7"]
[EventCountry "NED"]
[Source "P.Boonen"]
[SourceDate "2012.01.01"]

1. e4 e6 2. d4 d5 3. exd5 exd5 4. c4 c6 5. Nc3 Nf6 6. Bd3 Nbd7 7. Nge2 dxc4 8.
Bxc4 Nb6 9. Bb3 Be7 10. O-O O-O 11. Re1 Bf5 12. Ng3 Bg6 13. f4 h6 14. f5 Bh7
15. Bf4 Bb4 16. a3 Bxc3 17. bxc3 Nbd5 18. Qd2 Qd7 19. Bc2 Ne7 20. Rf1 Rad8 21.
Rad1 Rfe8 22. h3 Ned5 23. Be5 b5 24. Ne2 Kh8 25. g4 Qe7 26. Rde1 Qxa3 27. Ra1
Qe7 28. Rae1 a5 29. Nf4 Nxf4 30. Qxf4 Qf8 31. h4 Kg8 32. Kh2 Nd5 33. Qf3 f6 34.
Bg3 Rxe1 35. Rxe1 Re8 36. Bb3 Rd8 37. Bc7 Rd7 38. Bxa5 Kh8 39. Bxd5 Rxd5 40.
Bb4 Qc8 41. Qe4 Bg8 42. Kh3 h5 43. Rf1 hxg4+ 44. Kxg4 g6 45. Kg3 gxf5 46. Qf4
Qe6 47. Ra1 Rd7 48. Rf1 Rg7+ 49. Kh3 Rg6 50. h5 Rg5 51. h6 Qe2 52. Rf2 Rh5+ 53.
Kg3 Rg5+ 54. Kh3 Qh5+ 55. Qh4 Kh7 56. Bf8 Bd5 57. Qxh5 Rxh5+ 1-0

[Event "LiSB-ch B"]
[Site "Sittard"]
[Date "2003.12.07"]
[Round "7"]
[White "Schotanus, Fred"]
[Black "Van Mulekom, Hans"]
[Result "1-0"]
[WhiteElo "1763"]
[BlackElo "1779"]
[PlyCount "87"]
[EventDate "2003.11.29"]
[EventType "swiss"]
[EventRounds "7"]
[EventCountry "NED"]
[Source "P.Boonen"]
[SourceDate "2012.01.01"]

1. c4 e5 2. Nc3 Bb4 3. g3 Nf6 4. Bg2 O-O 5. e3 Bxc3 6. dxc3 e4 7. Ne2 d6 8. b3
Nc6 9. h3 Ne5 10. Nf4 g5 11. Nd5 Nd3+ 12. Ke2 Nxd5 13. cxd5 f5 14. Bd2 b6 15.
Qc2 a5 16. c4 a4 17. Bc3 Bd7 18. Bd4 Qe7 19. Qc3 Ra6 20. b4 b5 21. c5 c6 22.
cxd6 Qxd6 23. Bc5 Nxc5 24. bxc5 Qxd5 25. Rhd1 Qf7 26. Rd6 Be6 27. a3 Bd5 28.
Rd1 Qg7 29. Qxg7+ Kxg7 30. R1xd5 cxd5 31. Rxa6 Rc8 32. c6 Kf7 33. Kd2 Ke6 34.
Bf1 Kd6 35. Bxb5 Rb8 36. Ra5 h5 37. Kc3 h4 38. Bxa4 g4 39. hxg4 h3 40. Ra7 Rh8
41. Rd7+ Ke6 42. c7 Rc8 43. Rh7 fxg4 44. Bd7+ 1-0

[Event "LiSB-ch B"]
[Site "Sittard"]
[Date "2003.12.07"]
[Round "7"]
[White "Snoeck, Rene"]
[Black "Graff, Marcel"]
[Result "1/2-1/2"]
[WhiteElo "1795"]
[BlackElo "1826"]
[PlyCount "26"]
[EventDate "2003.11.29"]
[EventType "swiss"]
[EventRounds "7"]
[EventCountry "NED"]
[Source "P.Boonen"]
[SourceDate "2012.01.01"]

1. g3 d5 2. Bg2 Nf6 3. d3 g6 4. c3 c6 5. Bg5 Nbd7 6. Nd2 Bg7 7. e4 dxe4 8. dxe4
Ne5 9. Bf1 Nd3+ 10. Bxd3 Qxd3 11. Qe2 Qxe2+ 12. Nxe2 c5 13. Bxf6 Bxf6 1/2-1/2

[Event "LiSB-ch B"]
[Site "Sittard"]
[Date "2003.12.07"]
[Round "7"]
[White "Van Haren, Marcel"]
[Black "Miesen, Fabian"]
[Result "1-0"]
[WhiteElo "1775"]
[BlackElo "1748"]
[PlyCount "49"]
[EventDate "2003.11.29"]
[EventType "swiss"]
[EventRounds "7"]
[EventCountry "NED"]
[Source "P.Boonen"]
[SourceDate "2012.01.01"]

1. e4 Nc6 2. Nf3 d5 3. exd5 Qxd5 4. Nc3 Qa5 5. d4 Bg4 6. Bb5 e6 7. h3 Bh5 8.
Bd2 Bb4 9. Qe2 Nge7 10. g4 Bg6 11. d5 exd5 12. Nxd5 Bxd2+ 13. Nxd2 O-O-O 14. b4
Nxd5 15. bxa5 Rhe8 16. Bxc6 bxc6 17. f3 Rxe2+ 18. Kxe2 Bxc2 19. Nb3 Nc3+ 20.
Ke3 Rd3+ 21. Kf2 Bd1 22. Nc5 Rd2+ 23. Ke3 Rd8 24. Rc1 Bxf3 25. Kxf3 1-0

[Event "LiSB-ch B"]
[Site "Sittard"]
[Date "2003.12.07"]
[Round "7"]
[White "Van Steenbergen, Bert"]
[Black "Uckerman, John"]
[Result "1-0"]
[WhiteElo "1868"]
[BlackElo "1780"]
[PlyCount "107"]
[EventDate "2003.11.29"]
[EventType "swiss"]
[EventRounds "7"]
[EventCountry "NED"]
[Source "P.Boonen"]
[SourceDate "2012.01.01"]

1. d4 Nf6 2. Nf3 e6 3. c4 b6 4. a3 Bb7 5. b4 d6 6. g3 Bxf3 7. exf3 Nbd7 8. Bg2
Be7 9. f4 Rb8 10. Qa4 O-O 11. Qxa7 c5 12. dxc5 bxc5 13. Qa4 d5 14. cxd5 exd5
15. b5 Qb6 16. Nc3 d4 17. Nd5 Qe6+ 18. Ne3 dxe3 19. fxe3 Nd5 20. Qe4 Qxe4 21.
Bxe4 Bf6 22. Bxd5 Bxa1 23. Bc6 Bc3+ 24. Ke2 Nb6 25. Kd3 Bf6 26. a4 g6 27. h4
Rbd8+ 28. Kc2 Rd6 29. e4 Rd4 30. e5 Bg7 31. h5 Rfd8 32. hxg6 hxg6 33. Re1 Rc4+
34. Kb1 Bh6 35. g4 Bg7 36. Bg2 Rcd4 37. Kc2 c4 38. Be3 Rd3 39. Bxb6 Rd2+ 40.
Kc1 R8d3 41. Be4 Rd8 42. Bxd8 Rxd8 43. a5 Rd4 44. a6 Bf8 45. Re2 Bc5 46. b6 c3
47. Kc2 Rd8 48. Kxc3 Kf8 49. Kc4 Bg1 50. Bc6 Ke7 51. Kb5 Rd3 52. Ka5 Kd8 53. e6
fxe6 54. Rxe6 1-0

[Event "LiSB-ch C"]
[Site "Sittard"]
[Date "2003.11.29"]
[Round "1"]
[White "Dreuning, Paul"]
[Black "Lemmen, Raoul"]
[Result "0-1"]
[WhiteElo "1263"]
[BlackElo "1598"]
[PlyCount "56"]
[EventDate "2003.11.29"]
[EventType "swiss"]
[EventRounds "7"]
[EventCountry "NED"]
[Source "P.Boonen"]
[SourceDate "2012.01.01"]

1. e4 c5 2. d3 Nc6 3. Nf3 g6 4. Nc3 Bg7 5. Bg5 d6 6. Be2 Nf6 7. h3 O-O 8. O-O
Be6 9. Rb1 a6 10. d4 cxd4 11. Nxd4 Nxd4 12. Qxd4 Nd7 13. Qd2 Ne5 14. b3 Rc8 15.
Bd1 h6 16. Bf4 g5 17. Bxe5 Bxe5 18. Bg4 Bxc3 19. Qe3 Bxg4 20. hxg4 Be5 21. Qh3
Kg7 22. Qd3 Rc3 23. Qe2 Qc8 24. g3 Rxc2 25. Qd3 Qc3 26. Qd5 Bxg3 27. f3 Qe3+
28. Kh1 Rh2# 0-1

[Event "LiSB-ch C"]
[Site "Sittard"]
[Date "2003.11.29"]
[Round "1"]
[White "Janssen, Maurice"]
[Black "Schoffelen, Jan"]
[Result "1-0"]
[WhiteElo "1635"]
[BlackElo "1407"]
[PlyCount "81"]
[EventDate "2003.11.29"]
[EventType "swiss"]
[EventRounds "7"]
[EventCountry "NED"]
[Source "P.Boonen"]
[SourceDate "2012.01.01"]

1. e4 e5 2. Nf3 Nf6 3. Bc4 d5 4. exd5 Nxd5 5. Nxe5 Qd6 6. Qe2 Be6 7. O-O Nd7 8.
Nxd7 Qxd7 9. Bxd5 Qxd5 10. Nc3 Qd7 11. d3 Bd6 12. Qe4 c6 13. Bf4 Bxf4 14. Qxf4
O-O 15. Ne4 b6 16. Qg3 f5 17. Ng5 Rf6 18. Nxe6 Rxe6 19. Rfe1 Rae8 20. Kf1 Qe7
21. f3 Rxe1+ 22. Rxe1 Qxe1+ 23. Qxe1 Rxe1+ 24. Kxe1 Kf7 25. Ke2 f4 26. d4 Ke6
27. Kd3 b5 28. b3 Kd5 29. c4+ bxc4+ 30. bxc4+ Ke6 31. Ke4 g5 32. d5+ cxd5+ 33.
cxd5+ Kd6 34. g3 fxg3 35. hxg3 h6 36. g4 a6 37. a4 a5 38. Kd4 Kc7 39. Kc5 Kb7
40. Kd6 Kc8 41. Ke7 1-0

[Event "LiSB-ch C"]
[Site "Sittard"]
[Date "2003.11.29"]
[Round "1"]
[White "Paas, Hans"]
[Black "Coenjaerts, Rene"]
[Result "0-1"]
[WhiteElo "1302"]
[BlackElo "1605"]
[PlyCount "56"]
[EventDate "2003.11.29"]
[EventType "swiss"]
[EventRounds "7"]
[EventCountry "NED"]
[Source "P.Boonen"]
[SourceDate "2012.01.01"]

1. c4 e5 2. e4 Nf6 3. d3 Be7 4. a3 c6 5. Nc3 d5 6. cxd5 cxd5 7. exd5 Nxd5 8.
Nxd5 Qxd5 9. Be2 Qxg2 10. Bf3 Qg6 11. Qc2 O-O 12. Be4 Qe6 13. Bd2 Nd7 14. Nf3
Nc5 15. Bg5 Nxe4 16. Bxe7 Qxe7 17. dxe4 Bg4 18. Qe2 Qf6 19. Rg1 Bxf3 20. Qe3
Bh5 21. Rg5 Bg6 22. Rd1 Rfd8 23. Rxd8+ Rxd8 24. Rg3 Qd6 25. Qe2 f6 26. f3 Qc5
27. Kf1 Qc1+ 28. Kf2 Rd2 0-1

[Event "LiSB-ch C"]
[Site "Sittard"]
[Date "2003.11.29"]
[Round "1"]
[White "Palm, Hans"]
[Black "Leenders, Hans"]
[Result "1-0"]
[WhiteElo "1444"]
[BlackElo "1645"]
[PlyCount "85"]
[EventDate "2003.11.29"]
[EventType "swiss"]
[EventRounds "7"]
[EventCountry "NED"]
[Source "P.Boonen"]
[SourceDate "2012.01.01"]

1. d4 e6 2. Nf3 Nf6 3. c4 b6 4. Nc3 Bb4 5. Bd2 Bb7 6. e3 O-O 7. Be2 d6 8. Rc1
Nbd7 9. a3 Bxc3 10. Bxc3 a5 11. O-O Re8 12. Re1 h6 13. Bd3 Be4 14. Bxe4 Nxe4
15. Qd3 Ndf6 16. Rcd1 Qe7 17. Nd2 Nxc3 18. Qxc3 c5 19. Qd3 Qb7 20. Nf3 Rad8 21.
e4 Qc7 22. d5 exd5 23. exd5 Qd7 24. Re3 Rxe3 25. fxe3 Re8 26. Re1 Re4 27. h3 b5
28. cxb5 c4 29. Qc3 Nxd5 30. Qxa5 Qe6 31. Kf2 Kh7 32. Qd2 f5 33. a4 f4 34. exf4
Rxe1 35. Qxe1 Qd7 36. Nd4 Nxf4 37. Kg1 Nd3 38. Qe6 Qa7 39. Qxc4 Ne1 40. Kh2 Qa5
41. Qc3 Qa8 42. b6 Qd8 43. b7 1-0

[Event "LiSB-ch C"]
[Site "Sittard"]
[Date "2003.11.29"]
[Round "1"]
[White "Ploumen, Ralf"]
[Black "Ketzer, Sander"]
[Result "0-1"]
[WhiteElo "1662"]
[BlackElo "1481"]
[PlyCount "106"]
[EventDate "2003.11.29"]
[EventType "swiss"]
[EventRounds "7"]
[EventCountry "NED"]
[Source "P.Boonen"]
[SourceDate "2012.01.01"]

1. e4 e5 2. Nf3 Nc6 3. Bc4 h6 4. O-O d6 5. Nc3 Nf6 6. b3 Bg4 7. h3 Bh5 8. Bb2
a6 9. Nd5 Nxe4 10. Re1 Ng5 11. g4 Nxf3+ 12. Qxf3 Bg6 13. Rac1 Be7 14. Nxe7 Qxe7
15. Bd5 Qd7 16. d4 O-O 17. Bxc6 Qxc6 18. Qxc6 bxc6 19. dxe5 Rfe8 20. exd6 Rxe1+
21. Rxe1 cxd6 22. c4 d5 23. Re7 dxc4 24. b4 a5 25. Bc3 axb4 26. Bxb4 Rxa2 27.
Rc7 Be4 28. Rc8+ Kh7 29. Rc7 Bd5 30. Re7 Rb2 31. Bc3 Rb3 32. Re3 Rb1+ 33. Kh2
Rh1+ 34. Kg3 Rg1+ 35. Kh2 Rg2+ 36. Kh1 Rxf2+ 37. Kg1 Rg2+ 38. Kf1 Rh2 39. Kg1
Rh1+ 40. Kf2 Kg6 41. Kg3 Rg1+ 42. Kf2 Rg2+ 43. Kf1 Rc2 44. Kg1 Rc1+ 45. Kh2 Rd1
46. Re2 Rd3 47. Rc2 Kh7 48. Bb4 Rd1 49. Kg3 Kg6 50. Bd2 Rg1+ 51. Kh4 Kh7 52.
Rc3 Rd1 53. Bf4 g5+ 0-1

[Event "LiSB-ch C"]
[Site "Sittard"]
[Date "2003.11.29"]
[Round "1"]
[White "Te Boekhorst, Rene"]
[Black "Werts, Frits"]
[Result "1-0"]
[WhiteElo "1369"]
[BlackElo "1629"]
[PlyCount "101"]
[EventDate "2003.11.29"]
[EventType "swiss"]
[EventRounds "7"]
[EventCountry "NED"]
[Source "P.Boonen"]
[SourceDate "2012.01.01"]

1. Nf3 e6 2. c4 f5 3. b3 Nf6 4. e3 Be7 5. Be2 O-O 6. Nc3 d6 7. d4 Qe8 8. Nd2
Nbd7 9. Bb2 Qg6 10. g3 e5 11. dxe5 Nxe5 12. Nd5 Nxd5 13. cxd5 Bd7 14. a4 c5 15.
Nc4 Nxc4 16. bxc4 Qe8 17. Bh5 g6 18. Bf3 a6 19. O-O b5 20. axb5 axb5 21. cxb5
Bxb5 22. Be2 Rxa1 23. Bxa1 Bxe2 24. Qxe2 Qf7 25. Qa2 Bf6 26. Bxf6 Qxf6 27. Qa1
Qxa1 28. Rxa1 Rf7 29. Ra6 Rd7 30. Rc6 Kf7 31. Kg2 Ke7 32. Kf3 h6 33. h3 Rb7 34.
g4 fxg4+ 35. hxg4 Kd7 36. Ra6 Rc7 37. Ra3 Ke7 38. Rc3 Kf6 39. e4 Ke5 40. Rc4
Rf7+ 41. Ke3 Rf4 42. f3 h5 43. gxh5 gxh5 44. Rc1 h4 45. Rg1 Rf7 46. Rg5+ Kf6
47. Rh5 c4 48. Rxh4 Rc7 49. Rh2 Kg6 50. f4 Kg7 51. Rc2 1-0

[Event "LiSB-ch C"]
[Site "Sittard"]
[Date "2003.11.29"]
[Round "2"]
[White "Coenjaerts, Rene"]
[Black "Dols, Jos"]
[Result "1/2-1/2"]
[WhiteElo "1605"]
[BlackElo "1569"]
[PlyCount "28"]
[EventDate "2003.11.29"]
[EventType "swiss"]
[EventRounds "7"]
[EventCountry "NED"]
[Source "P.Boonen"]
[SourceDate "2012.01.01"]

1. e4 c5 2. Nf3 Nc6 3. Bb5 a6 4. Bxc6 bxc6 5. c4 e6 6. O-O g6 7. d3 Bg7 8. Qc2
Ne7 9. Be3 d6 10. Nc3 O-O 11. Rac1 e5 12. h3 f6 13. b3 Be6 14. Qd2 Bd7 1/2-1/2

[Event "LiSB-ch C"]
[Site "Sittard"]
[Date "2003.11.29"]
[Round "2"]
[White "Ketzer, Sander"]
[Black "Janssen, Maurice"]
[Result "0-1"]
[WhiteElo "1481"]
[BlackElo "1635"]
[PlyCount "36"]
[EventDate "2003.11.29"]
[EventType "swiss"]
[EventRounds "7"]
[EventCountry "NED"]
[Source "P.Boonen"]
[SourceDate "2012.01.01"]

1. e4 e5 2. Nf3 Nc6 3. Bc4 Bc5 4. O-O d6 5. h3 Nf6 6. d3 h6 7. Nc3 O-O 8. a3
Be6 9. Ba2 Bxa2 10. Rxa2 d5 11. exd5 Nxd5 12. Nxd5 Qxd5 13. Ra1 Rad8 14. Re1 e4
15. Rxe4 Qxe4 16. dxe4 Rxd1+ 17. Kh2 Bxf2 18. b4 Re8 0-1

[Event "LiSB-ch C"]
[Site "Sittard"]
[Date "2003.11.29"]
[Round "2"]
[White "Leenders, Hans"]
[Black "Te Boekhorst, Rene"]
[Result "1-0"]
[WhiteElo "1645"]
[BlackElo "1369"]
[PlyCount "107"]
[EventDate "2003.11.29"]
[EventType "swiss"]
[EventRounds "7"]
[EventCountry "NED"]
[Source "P.Boonen"]
[SourceDate "2012.01.01"]

1. e4 e5 2. d4 exd4 3. c3 c5 4. Nf3 Be7 5. cxd4 cxd4 6. Nxd4 Nc6 7. Bc4 Nxd4 8.
Qxd4 Bf6 9. Qd3 Ne7 10. O-O O-O 11. Nc3 Nc6 12. Bf4 Be5 13. Bxe5 Nxe5 14. Qe2
Nxc4 15. Qxc4 d6 16. Rad1 Be6 17. Qb4 Qg5 18. Qxd6 Rad8 19. Qg3 Qxg3 20. hxg3
a6 21. f4 b5 22. Nd5 Bxd5 23. Rxd5 Rxd5 24. exd5 Rd8 25. Rc1 g6 26. Rc5 Kg7 27.
Kf2 b4 28. Ke3 Ra8 29. g4 a5 30. d6 a4 31. Kd3 b3 32. a3 Rd8 33. Rc6 Kf6 34.
Kc4 Ke6 35. Kb5 Kd5 36. Rb6 Rxd6 37. Rxd6+ Kxd6 38. Kxa4 Kd5 39. Kxb3 Kc5 40.
Kc3 Kb5 41. b3 f6 42. g5 f5 43. g3 Kc5 44. b4+ Kb5 45. Kb3 Kb6 46. a4 Ka6 47.
Kc4 Kb6 48. a5+ Kc6 49. b5+ Kb7 50. Kc5 h6 51. a6+ Ka7 52. gxh6 g5 53. h7 g4
54. b6+ 1-0

[Event "LiSB-ch C"]
[Site "Sittard"]
[Date "2003.11.29"]
[Round "2"]
[White "Lemmen, Raoul"]
[Black "Palm, Hans"]
[Result "1-0"]
[WhiteElo "1598"]
[BlackElo "1444"]
[PlyCount "53"]
[EventDate "2003.11.29"]
[EventType "swiss"]
[EventRounds "7"]
[EventCountry "NED"]
[Source "P.Boonen"]
[SourceDate "2012.01.01"]

1. d4 d5 2. c4 Nf6 3. Nf3 g6 4. Nc3 Bg7 5. Bg5 O-O 6. Bxf6 Bxf6 7. Nxd5 Bg7 8.
e3 Re8 9. Be2 c6 10. Nc3 Bg4 11. c5 Bxf3 12. Bxf3 Na6 13. O-O Nc7 14. Qb3 Rb8
15. Rad1 e6 16. Ne4 Bf8 17. Ng3 Nd5 18. e4 Nc7 19. Rd3 Nb5 20. Rfd1 Re7 21. d5
cxd5 22. Qxb5 Rc7 23. b4 b6 24. c6 Qe7 25. exd5 Qxb4 26. Qxb4 Bxb4 27. d6 1-0

[Event "LiSB-ch C"]
[Site "Sittard"]
[Date "2003.11.29"]
[Round "2"]
[White "Schoffelen, Jan"]
[Black "Dreuning, Paul"]
[Result "1-0"]
[WhiteElo "1407"]
[BlackElo "1263"]
[PlyCount "41"]
[EventDate "2003.11.29"]
[EventType "swiss"]
[EventRounds "7"]
[EventCountry "NED"]
[Source "P.Boonen"]
[SourceDate "2012.01.01"]

1. e4 e5 2. Bc4 Nc6 3. Nf3 Nf6 4. Ng5 Be7 5. Nxf7 O-O 6. Nxd8+ Kh8 7. Nf7+ Kg8
8. Nxe5+ Kh8 9. Nxc6 dxc6 10. O-O Nxe4 11. Qe1 Bf5 12. d3 Nd6 13. Qxe7 Rac8 14.
Qh4 Rfe8 15. Be3 b6 16. Nd2 Nxc4 17. Nxc4 h6 18. Bxh6 gxh6 19. Qxh6+ Kg8 20.
Qxc6 Re7 21. Ne3 1-0